000 00307nam a2200121Ia 4500
008 190216s9999||||xx |||||||||||||| ||und||
100 _aSharma Jl & Robinson Ws
245 2 _aA Dictionar Of Science
260 _bCbs Publishers
_c1985
300 _a566p
650 _aDictionary Of Science
942 _cREF
999 _c35111
_d35111